00410nam a22001577a 4500008004100000020001800041082001500059100002000074245002000094250001600114260003900130300002200169650002300191650002000214700001800234210102b ||||| |||| 00| 0 eng d a9789350996058 a629.8bBAK aBakshi, Uday A. aControl systems a2nd Rv. Ed. aPunebTechnical publicationsc2015 axviii, S-4p.bPbc aAutomatic control  aControl theory  aBakshi, V. U.